Online Public Access Catalog -OPAC

Cost analysis in education: a tool for policy and planning (Record no. 14266)

MARC details
000 -LEADER
fixed length control field 00407nam a2200109Ia 4500
008 - FIXED-LENGTH DATA ELEMENTS--GENERAL INFORMATION
fixed length control field 180412s9999||||xx |||||||||||||| ||und||
020 ## - INTERNATIONAL STANDARD BOOK NUMBER
International Standard Book Number 801836484
040 ## - CATALOGING SOURCE
Original cataloging agency Ahmadu Bello University Library - Zaria
100 ## - MAIN ENTRY--PERSONAL NAME
Personal name Coomes, Philip H.
245 #0 - TITLE STATEMENT
Title Cost analysis in education: a tool for policy and planning
Statement of responsibility, etc. Philip H. Coomes
260 ## - PUBLICATION, DISTRIBUTION, ETC.
Place of publication, distribution, etc. Baltimore, Maryland
Name of publisher, distributor, etc. John Hopkins University Press
Date of publication, distribution, etc. 1987
300 ## - PHYSICAL DESCRIPTION
Extent x, 105p.: ill., diagr., table

No items available.

Customized by ICT Technical Service Unit on 29th Dec 2022

Kashim Ibrahim Library